50 Most Popular Girl Names UK 2021 - Statistics

General Stats
  • This quiz has been taken 74 times
  • The average score is 26 of 50
Answer Stats
Name % Correct
O Olivia
94%
A Ava
82%
I Isabella
76%
L Lily
74%
A Amelia
70%
C Charlotte
70%
F Florence
70%
I Isla
70%
S Sofia
70%
S Sophia
70%
E Eliza
68%
E Ella
68%
I Ivy
68%
E Emily
66%
G Grace
66%
S Sophie
64%
E Eva
60%
E Evie
58%
F Freya
58%
I Isabelle
58%
W Willow
58%
R Rosie
56%
M Mia
54%
P Penelope
54%
V Violet
54%
A Alice
52%
D Daisy
52%
E Evelyn
52%
P Phoebe
52%
P Poppy
52%
S Sienna
48%
E Elsie
46%
L Luna
46%
M Millie
46%
H Harper
44%
R Ruby
44%
I Imogen
42%
M Maisie
40%
M Maya
40%
A Aria
38%
J Jessica
38%
E Esme
36%
D Delilah
32%
M Mila
32%
E Emilia
28%
M Matilda
28%
A Ada
26%
B Bonnie
24%
H Hallie
20%
A Arabella
18%
No matching quizzes found
Score Distribution
Percent of People with Each Score
Percentile by Number Answered
Your Score History
You have not taken this quiz